| 000 | 00443nam a2200169Ia 4500 | ||
|---|---|---|---|
| 005 | 20250423100324.0 | ||
| 008 | 250422s9999 xx 000 0 und d | ||
| 020 | _a0852555202 | ||
| 050 | _aPR 9344 .N49/ | ||
| 100 | _aEdited by Eldred Durosimi Jones & Marjorie Jones | ||
| 245 | 0 | _aNew trends and generations in African literature | |
| 260 | _aLondon | ||
| 260 | _bJames Currey Ltd. | ||
| 260 | _c1996 | ||
| 300 | _a186 p | ||
| 942 | _cBK | ||
| 999 |
_c32953 _d32953 |
||